00499nam a2200181 a 4500001001300000003000900013005001700022008004100039020000800080082001600088100001800104245002300122260005300145500003500198505004400233650002200277700001800299nice12345678IN_TiNIC20260116011326.0050524s1882 bera grc 000 0 14g  ac000a297.63bWEL aWellhausen, J aMuhammad Im Madina aBerlinbDruck Und Verlag Von George Reimerc1882 aincludes index and biblioraphy2 aKitab al Maghazi by Vakidi Translations aMuhammad, Prophet1 aWellhausen, J